000
00260nam a22000977a 4500
008
221031b |||||||| |||| 00| 0 eng d
020
_a
9781447262794
100
_a
BLYTON GUID
_9
7607
245
_a
THE MOUNTAIN OF ADVENTURE
260
_a
LONDON
_b
MACMILLAN BOOKS
_c
2014
999
_c
12115
_d
12115